Internationaler Wahrungsfonds : Jahresbericht 2010 Eine Ausgewogene Globale Erholung Fordern.

The Annual Report to the Board of Governors reviews the IMF's activities and policies during any given year. There are five chapters: (1) Overview, (2) Developments in the Global Economy and Financial Markets, (3) Policies to Secure Sustained and Balanced Global Growth, (4) Reforming and Streng...

Volledige beschrijving

Bibliografische gegevens
Coauteur: International Monetary Fund
Formaat: Tijdschrift
Taal:English
Gepubliceerd in: Washington, D.C. : International Monetary Fund, 2010.
Reeks:Annual Report of the Executive Board; Annual Report of the Executive Board ; No. 2010/001
Online toegang:Full text available on IMF
LEADER 01782cas a2200241 a 4500
001 AALejournalIMF021764
008 230101c9999 xx r poo 0 0eng d
020 |z 9781616350192 
022 |a 0250-7528 
040 |a BD-DhAAL  |c BD-DhAAL 
110 2 |a International Monetary Fund. 
240 1 0 |a Internationaler Wahrungsfonds: Jahresbericht 2010 Eine Ausgewogene Globale Erholung Fordern.  |l German 
245 1 0 |a Internationaler Wahrungsfonds :   |b Jahresbericht 2010 Eine Ausgewogene Globale Erholung Fordern. 
264 1 |a Washington, D.C. :  |b International Monetary Fund,  |c 2010. 
300 |a 1 online resource (88 pages) 
490 1 |a Annual Report of the Executive Board 
500 |a <strong>Off-Campus Access:</strong> No User ID or Password Required 
500 |a <strong>On-Campus Access:</strong> No User ID or Password Required 
506 |a Electronic access restricted to authorized BRAC University faculty, staff and students 
520 3 |a The Annual Report to the Board of Governors reviews the IMF's activities and policies during any given year. There are five chapters: (1) Overview, (2) Developments in the Global Economy and Financial Markets, (3) Policies to Secure Sustained and Balanced Global Growth, (4) Reforming and Strengthening the IMF to Better Support Member Countries, and (5) Finances, Organization, and Accountability. The full financial statements for the year are published separately and are also available, along with appendixes and other supplementary materials. 
538 |a Mode of access: Internet 
830 0 |a Annual Report of the Executive Board; Annual Report of the Executive Board ;  |v No. 2010/001 
856 4 0 |z Full text available on IMF  |u http://elibrary.imf.org/view/books/011/11063-9781616350192-de/11063-9781616350192-de-book.xml  |z IMF e-Library